<?xml version="1.0" encoding="UTF-8"?>
<collection xmlns="http://www.loc.gov/MARC21/slim">
 <record>
  <leader>01643nam a22002057a 4500</leader>
  <controlfield tag="001">NCT_136531</controlfield>
  <controlfield tag="008">220616b        xxu||||| |||| 00| 0 vie d</controlfield>
  <datafield tag="999" ind1=" " ind2=" ">
   <subfield code="c">7043</subfield>
   <subfield code="d">7043</subfield>
  </datafield>
  <datafield tag="020" ind1="0" ind2="4">
   <subfield code="a">9786043085013</subfield>
   <subfield code="c">98000</subfield>
  </datafield>
  <datafield tag="082" ind1="0" ind2="4">
   <subfield code="2">23rd ed.</subfield>
   <subfield code="a">332.12</subfield>
   <subfield code="b">D561</subfield>
  </datafield>
  <datafield tag="100" ind1="1" ind2=" ">
   <subfield code="a">Tô Thị Ánh Dương</subfield>
  </datafield>
  <datafield tag="245" ind1="1" ind2="0">
   <subfield code="a">Quản trị rủi ro tại các ngân hàng thương mai Việt Nam trong bối cảnh hội nhập quốc tế :</subfield>
   <subfield code="b">Sách chuyên khảo</subfield>
   <subfield code="c">Tô Thị Ánh Dương </subfield>
  </datafield>
  <datafield tag="260" ind1=" " ind2=" ">
   <subfield code="a">H.</subfield>
   <subfield code="b">Khoa học xã hội</subfield>
   <subfield code="c">2021</subfield>
  </datafield>
  <datafield tag="300" ind1=" " ind2=" ">
   <subfield code="a">372 tr.</subfield>
   <subfield code="b">Hình vẽ, ảnh</subfield>
   <subfield code="c">21 cm</subfield>
  </datafield>
  <datafield tag="500" ind1=" " ind2=" ">
   <subfield code="a">ĐTTS ghi: Viện Hàn lâm Khoa học xã hội Việt Nam. Viện Kinh tế Việt Nam.</subfield>
  </datafield>
  <datafield tag="520" ind1="3" ind2=" ">
   <subfield code="a">Nôi dung cuốn sách trình bài gồm cơ sở lý luận về quản trị rủi ro của ngân hàng thương mại trong bối cảnh hội nhập quốc tế; Thực trạng áp dụng quản trị rủi ro theo thông lệ quốc tế tại các ngân hàng thương mại Việt Nam; Xu hướng hệ thống tài chính - tiền tệ toàn cầu và Việt Nam đến năm 2030 và giải pháp tăng cường quản trị rủi ro tại ngân hàng thương mại Việt Nam theo thông lệ quốc tế trong bối cảnh hội nhập sâu rộng.</subfield>
  </datafield>
  <datafield tag="653" ind1=" " ind2=" ">
   <subfield code="a">Tài chính - Ngân hàng</subfield>
  </datafield>
  <datafield tag="942" ind1=" " ind2=" ">
   <subfield code="2">ddc</subfield>
   <subfield code="c">BK</subfield>
  </datafield>
  <datafield tag="952" ind1=" " ind2=" ">
   <subfield code="0">0</subfield>
   <subfield code="1">0</subfield>
   <subfield code="2">ddc</subfield>
   <subfield code="4">0</subfield>
   <subfield code="6">332_120000000000000_D561</subfield>
   <subfield code="7">0</subfield>
   <subfield code="9">25135</subfield>
   <subfield code="a">000001</subfield>
   <subfield code="b">000001</subfield>
   <subfield code="d">2022-06-16</subfield>
   <subfield code="o">332.12 D561</subfield>
   <subfield code="p">MD.19780</subfield>
   <subfield code="r">2022-06-16</subfield>
   <subfield code="v">98000.00</subfield>
   <subfield code="w">2022-06-16</subfield>
   <subfield code="y">BK</subfield>
  </datafield>
  <datafield tag="980" ind1=" " ind2=" ">
   <subfield code="a">Thư viện Trường Đại học Nam Cần Thơ</subfield>
  </datafield>
 </record>
</collection>
